000 00849nam a2200229Ia 4500
001 18366
003 GE_BSU
008 181216s||||||||xx |||||||||||||| ||und||
010 _a9789941223259
040 _cGE_BSU
080 _a070.433:316
100 _aცისკარიშვილი,ოლიკო
245 _aმედიაში სოციალური საკითხების გაშუქების ელემენტები
245 _cრედ.ეკა თხილავა
260 _aთბილისი
260 _bუნივერსალი
260 _c2014
300 _a199გვ.20სმ.
541 _h28ლ.
653 _aმედიაში სოციალური საკითხების გაშუქების ელემენტები
942 _cBK
999 _c51382
_d51382